01015nam a2200217 a 450000500170000000800410001702000150005804100080007309200190008110000310010024500770013125000420020826000890025030000270033950001620036665300160052865300280054494200120057299900150058495201980059920240506112712.0100708t2005||||sp a g |||| 00| 0 spa d a9509647691 aspa c610.03l3sANT1 aAntón, Sebastián93751 aDiccionario Historia de la Medicina.bFasc.2 C-Et /cSebastián Antón a1a ed.bTraducción Gerardo E. Laube aBuenos Aires:bEditorial Anejo Producciones ; The Parthenon Publishing Group;c2005. a155-310 p. c30x22 cm. aAntón, S. (2005). Diccionario Historia de la medicina. Fasc.2 C-ET. (1a ed.). Buenos Aires : Editorial Anejo Producciones ; The Parthenon Publishing Group. aDiccionario aHistoria de la Medicina 2ddccBK c2163d2163 00102ddc4070aBFMbBFMcCRd2015-05-28eDonacion Griselda Saulino, Mayo 2015l0o610.03 3 ANTp3489r2015-05-28tEj.1w2015-05-28yBKzHemeroteca 2022. Donacion Griselda Saulino, Mayo 2015f